Statistics for Five Countries with Most Cows by Continent

Click here to take the quiz!

General Stats

  • This quiz has been taken 45 times
  • The average score is 25 of 30

Answer Stats

milAnswer% Correct
19.6Russia
100%
29.1Australia
98%
187India
98%
10.4New Zealand
98%
51.6Argentina
96%
212Brazil
96%
12.2Canada
96%
19.2France
96%
32.9Mexico
96%
117China
93%
24.2Colombia
91%
12.7Germany
91%
16.8Venezuela
91%
4.1Cuba
89%
39.7Pakistan
89%
14.5Paraguay
89%
88.5United States
89%
56.7Ethiopia
84%
0.31Fiji
84%
17.8Kenya
82%
19.5Nigeria
82%
25.0Tanzania
78%
0.09Papua New Guinea
73%
23.5Bangladesh
69%
9.8United Kingdom
69%
0.17Vanuatu
69%
3.8Nicaragua
62%
30.2Sudan
62%
6.9Ireland
56%
15.5Myanmar
44%

Score Distribution

Percentile by Number Answered

Percent of People with Each Score

Your Score History

You have not taken this quiz